|
|
|
|
| LEADER |
01226nam a2200277 a 4500 |
| 001 |
13451504 |
| 008 |
120717s2004 njua b 001 0 eng d |
| 010 |
|
|
|a 2004040375
|
| 020 |
|
|
|a 0805848584 (alk. paper)
|
| 020 |
|
|
|a 0805853200
|
| 040 |
|
|
|a DLC
|c DLC
|d DLC
|d BD-DhAAL
|
| 082 |
0 |
0 |
|a 371.102/3
|2 22
|
| 245 |
0 |
0 |
|a Discourse analysis & the study of classroom language & literacy events :
|b a microethnographic perspective /
|c David Bloome ... [et al.].
|
| 246 |
3 |
|
|a Discourse analysis and the study of classroom language and literacy events
|
| 260 |
|
|
|a Mahwah, N.J. :
|b L. Erlbaum Associates ;
|a New York :
|b Routledge,
|c 2004.
|
| 300 |
|
|
|a xxii, 263 p. :
|b ill. ;
|c 24 cm.
|
| 504 |
|
|
|a Includes bibliographical references and index.
|
| 541 |
|
|
|a 00025590
|
| 650 |
|
0 |
|a Language arts
|x Social aspects.
|
| 650 |
|
0 |
|a Discourse analysis
|x Social aspects.
|
| 650 |
|
0 |
|a Communication in education
|x Social aspects.
|
| 650 |
|
0 |
|a Sociolinguistics.
|
| 700 |
1 |
|
|a Bloome, David.
|
| 852 |
1 |
|
|a Ayesha Abed Library
|j General shelf
|
| 999 |
|
|
|c 12583
|d 12583
|
| 952 |
|
|
|0 0
|1 0
|4 0
|6 371_102300000000000_DIS
|7 0
|9 20773
|a BRACUL
|b BRACUL
|c GEN
|d 2012-07-19
|e Riza Enterprize
|g 3280.00
|l 1
|o 371.1023 DIS
|p 3010025590
|r 2012-09-11
|s 2012-09-11
|t 1
|w 2012-07-19
|y BK
|